000
00207 a2200097 4500
001
47455
100
_a
Charles M
245
_a
Berlin blockade
260
_a
London
_b
Allen Wingate
_c
090
_c
30481
_d
30481
942
_a
NUST-CAE
_c
M
_c
22760
999
_c
282528
_d
282528